every nintendo console - Statistics

General Stats
  • This quiz has been taken 13 times
  • The average score is 14 of 21
Answer Stats
Hint Answer % Correct
. gameboy
100%
. n64
100%
. snes
100%
. switch
100%
. wii
100%
. gameboy advanc
92%
. gameboy color
92%
. gamecube
92%
. nes
92%
. the wii u
92%
.. ds
83%
. 3ds
75%
. new 3ds
75%
. gameboy pocket
42%
. gameboy light
33%
. gameboy sp
33%
. switch lite
33%
. switch oled
33%
. new 3ds xl
25%
. 3ds xl
8%
. wii mini
0%
No matching quizzes found
Score Distribution
Percent of People with Each Score
Percentile by Number Answered
Your Score History
You have not taken this quiz